MDQL
is popping MORE tags! Check the
thread
!
Quizzes
Events
Quiz Creation
Community
Videos
Private Events
Remove Ads
Sign In
Join for FREE
Feedback
Dark Mode
Quiz Categories
Sports
Geography
Music
Movies
Television
Just For Fun
Miscellaneous
History
Literature
Language
Science
Gaming
Entertainment
Religion
Holiday
For Kids
Quiz Lab
Recent
Popular Today
Quiz Kudos Today
Editor Picks
Curator Picks
Quizzes by...
Day
Popularity
Type
Ratings
Length
Year
Community
Subscriptions
Recent Discussions
Orange Saloon
Badges
Playlists
Quests
Create
Leaderboards
Showdown
Live 5
Trivia Bingo
Activity
Puzzle Library
Sporcle Events
Private Events
Virtual Trivia
Globe League
Become a Host
Pub Owners
SporcleCon
Opinionation
Our Games
Videos
Blog
Mobile Apps
Partnerships
Remove Ads and Go Orange
Feedback
Music
Pop Music
The Beatles
Song
Album
Lyrics
Bands
Singers
Artist
Clip
Rock
Rap
Classical
Billboard
Country Music
Kpop
Taylor Swift
Music
Pop Music
The Beatles
Song
Album
Lyrics
Bands
Singers
Artist
Clip
Rock
Rap
Classical
Billboard
Country Music
Kpop
Taylor Swift
Random Quiz
Search Sporcle
×
Quiz Lab
Quiz Lab
Music
Artist
Type in answers that appear in a list
Type in answers that appear in a list
Classic
Best Score? Go Orange.
Cover Songs by Multiple Artists Stats
Can you name the songs that have been covered by more than one artist?
By
tstan1226
10m
35 Questions
37 Plays
37 Plays
37 Plays
Comments
Comments
Give Quiz Kudos
Give Quiz Kudos
-
- Ratings
hide this ad
Replay
Link that replays current quiz
Next Quiz
Link to next quiz in quiz playlist
You Got
0%
They Got
Avg Score
36%
Avg Friend Score
Upgrade to see
Score Distribution
Jump to the score distribution portion of the page
Score
0/35
Timer
10:00
0
Plays Today
Cover Artists
Song
% Correct
Soft Cell, Marilyn Manson
Tainted Love
78.4%
Jeff Buckley, Rufus Wainwright, k.d. lang, John Cale
Hallelujah
64.9%
The Beatles, Booker T. & the M.G.'s
Twist and Shout
51.4%
David Bowie, Bruce Dickinson
All the Young Dudes
51.4%
Rod Stewart, Cat Stevens, Sheryl Crow
The First Cut is the Deepest
48.6%
The Dictators, Tiny Tim, UB40 and Chrissie Hynde
I Got You, Babe
48.6%
The Clash, The Bobby Fuller Four, The Dead Kennedys
I Fought the Law
45.9%
Marvin Gaye, Gladys Knight & the Pips, CCR
I Heard it Through the Grapevine
45.9%
Michael Damian, Def Leppard
Rock On
42.9%
Gordon Lightfoot, Janis Joplin
Me and Bobby McGee
40.5%
Willie Nelson, B.B. King, Elvis Presley, Pet Shop Boys
Always on My Mind
40.5%
Joan Baez, Peter, Paul & Mary
Blowin' in the Wind
37.8%
Stevie Ray Vaughan, Derek and the Dominos
Little Wing
37.8%
New Order, Dave Gahan
Love Will Tear Us Apart
37.8%
Bruce Springsteen, 10,000 Maniacs, Cascada
Because the Night
37.8%
The Flying Burrito Brothers, The Sundays
Wild Horses
35.1%
The Dead Kennedys, ZZ Top, Nina Hagen
Viva Las Vegas
35.1%
Sleeping With Sirens, New Found Glory
Iris
35.1%
Cover Artists
Song
% Correct
Rod Stewart, Mary Chapin Carpenter
Downtown Train
35.1%
Echo & the Bunnymen, Stina Nordenstam
People Are Strange
35.1%
Pete Yorn, Thursday, Billy Talent, Kim Wilde
Ever Fallen In Love
35.1%
The Spektors, The Doors, Patti Smith
Gloria
35%
Etta James, Cream
Spoonful
32.4%
Red Hot Chili Peppers, Nigel Kennedy
Fire
32.4%
Def Leppard, Adam Ant, Siouxsie and the Banshees
20th Century Boy
32.4%
Quicksand, Psychedelic Furs
How Soon is Now?
29.7%
The Carpenters, Sonic Youth
Superstar
29.7%
Red Hot Chili Peppers, Living Colour
Crosstown Traffic
29.7%
Jackson Browne, Gregg Allman
These Days
27%
Mott the Hoople, Brownsville Station
Sweet Jane
27%
Beck, David Bowie
I'm Waiting for the Man
27%
Johnny Cash, Tim Hardin, Robert Plant, Dolly Parton
If I Were a Carpenter
27%
Saves the Day, Overkill, Guns N' Roses, Pearl Jam
Sonic Reducer
27%
Divine, Rod Stewart
Twistin' the Night Away
23.8%
Wilson Pickett, J. Geils Band, Patti Smith
Land of 1,000 Dances
20%
Quiz Playlist
Details
Report
Send in Message
Add To Playlist
Classic:
Type in answers that appear in a list
Last Updated: Feb 16, 2017
Quiz Scoreboard
CHALLENGE
Sign Up to Join the Scoreboard
Show All
Scores
Hide
Comments
May contain spoilers
Recently Published
5x2 Blitz: Bands
by SL_Kpop136
Music
30s
Colored Red Africa Blitz
by spor1
Geography
30s
Find the 'City' Movie
by crazypaving
Movies
60s
More to Explore
Quiz From the Vault
Featured Blog Post
14 Easter Pick-up Lines to Find Eggs With
hide this ad
You Might Also Like...
Tags
Artist Quiz
Bands Quiz
Song Quiz
Cover
Musician
Today's Top Quizzes in Music
Browse Music
hide this ad
Today's Top Quizzes in Artist
Browse Artist
Top Contributed Quizzes in Music
1
5X2 Blitz: Bands II
2
Taylor Swift All Songs (2024)
3
5X2 Blitz: The Beatles
4
5X2 Blitz: Billboard
5
Taylor Swift Logic Puzzle
6
Taylor Swift Logic Puzzle II
7
5X2 Blitz: Album
8
5X2 Blitz: Billboard II
9
Music Artist by Three 2010s hits
10
5X2 Blitz: Rock
Explore More
Trending Topics
Kpop
Disney
Harry Potter
Anime
Crossword
Marvel
NBA
The Office
Puzzle
Country
NFL
Song
WWE
Soccer
Pokémon
hide this ad
More By:
tstan1226
Quiz
Plays
Rating
Category
Featured
Created
Name That Philosopher
475
3.75
History
Mar 13, 2013
Song Titles in German
210
3.67
Language
Apr 30, 2013
'Dirty' Songs
126
Music
Apr 18, 2013
Revolutions by Year
114
3.00
History
Mar 30, 2013
Musicians by Birth Name II
69
Music
Apr 6, 2013
Go to Creator's Profile
Score Distribution
Quiz Creator Spotlight
tstan1226
Follow
Send a Message
Quizzes Created
-
Created Quiz Play Count
-
More By This Creator
Popular Quizzes Today
1
Find the 'City' Movie
2
5x2 Blitz: Bands
3
Colored Red Africa Blitz
4
Find the US States - No Outlines Minefield
5
The Countries of the World
6
Find the US States
7
9x9 Crossword: Cartoon Network
8
US States
More Music Quizzes
Which Members Belong to Which Groups
Quiz Lab
Trending Quizzes
Colored Red Europe Blitz I
Colored Red Africa Blitz II
Colored Red Europe Blitz III
Colored Red Europe Blitz II
Colored Red Africa Blitz III
Recently Updated
Champions League XIs: Real Madrid
pecheneg
Largest US Cities 1790-2010
pecheneg
Rides in Walt Disney World
pecheneg
Most Oscar Losses (Acting)
pecheneg
Beyoncé Albums
pecheneg
Leaping Animals
pecheneg
Reality TV Shows (A-Z)
bhenderson79
Rickey Henderson's Hall of Fame Teammates
pecheneg
Champions League XIs: Arsenal
pecheneg
Quick Pick: Celebrities in WWE's Hall of Fame
aduchscher
Trending Topics
Crossword
Disney
Marvel
Anime
Harry Potter
Kpop
NBA
WWE
Song
Pokémon
The Office
NFL
Country
Puzzle
Soccer
Your Account Isn't Verified!
In order to create a playlist on Sporcle, you need to verify the email address you used during registration. Go to your
Sporcle Settings
to finish the process.
Report this User
Report this user for behavior that violates our
Community Guidelines
.
Details:
Send Report
Go to the Sporcle.com Mobile Site →
Comments